Organisateurs de la Coupe du monde - Mort subite - Statistiques

Statistiques générales
  • Ce quiz a été pris 504 fois
  • Le résultat moyen est 11 sur 18
Answers on the Grid
Answers color-coded by a green-red scale on the quiz's grid according to % correct below.
Uruguay
Italie
Algérie
Canada
France
Turquie
Brésil
Suisse
Suède
Australie
Chili
Angleterre
Pérou
Chine
Mexique
Autriche
Allemagne
Argentine
Grèce
Inde
Espagne
États-Unis
Venezuela
Corée du Sud
Japon
Afrique du Sud
Portugal
Russie
Qatar
Arabie Saoudite
 
Statistiques - réponses
Réponse % Correct
France
83%
Brésil
79%
Allemagne
74%
Italie
74%
Qatar
74%
Uruguay
74%
Angleterre
71%
Russie
70%
Afrique du Sud
69%
États-Unis
68%
Argentine
62%
Espagne
61%
Mexique
59%
Corée du Sud
54%
Japon
50%
Suède
44%
Suisse
37%
Chili
31%
Aucun quiz correspondant
Distribution des résultats
% des personnes avec chaque résultat
Percentile par nombre de réponses
Votre historique - résultats
Vous n’avez pas pris ce quiz